Training for total quality management /

Bibliographic Details
Main Author: NEWBY, Tony
Format: Book
Published: London: Kogan Page Ltd, c1992.
Subjects:
LEADER 00508cam a2200193 7i4500
001 0000043954
005 20151104090000.0
005 ##20151104154200.0
002 ##000004197
003 ##MY-KlINT
008 151104 00010 eng
020 # # |a 0749407549  
039 # 9 |y 201511041542  |z VLOAD 
090 0 0 |a 658.562 NEW  
100 1 # |a NEWBY, Tony 
245 0 0 |a Training for total quality management /   |c Tony Newby. 
260 # # |a London:   |b Kogan Page Ltd,   |c c1992. 
300 # # |a 181p:   |b ill.. 
650 # 0 |a Total quality management